000 00565nam a22002177a 4500
003 UA-OsUOA
001 88968
007 ta
008 20121023b un ||||| |||| 00| 0 ukr d
100 _aБеценко Т.
090 _a82
_bБ56
942 _cSA
040 _aUA-OsUOA
_bukr
_cUA-OsUOA
_dUA-OsUOA
245 _aФілологічний аналіз художнього тексту
300 _aС.42-46
955 _a0
041 _aukr
080 _a82
773 0 _w88957
650 7 _a82 Література. Літературознавство
_2UDC
999 _c375235
_d375235